| Tag |
First Indicator |
Second Indicator |
Subfields |
| LEADER |
00000cam a2200000Ki 4500 |
| 001 |
in00004153613 |
| 005 |
20210728140143.0 |
| 006 |
m o d |
| 007 |
cr ||||||||||| |
| 008 |
190812s2020 pau o 000 0 eng d |
| 020 |
|
|
|a 1522598162
|q electronic book
|
| 020 |
|
|
|a 9781522598169
|q (electronic bk.)
|
| 020 |
|
|
|z 1522598146
|
| 020 |
|
|
|z 1522598154
|
| 020 |
|
|
|z 9781522598145
|q hardcover
|
| 020 |
|
|
|z 9781522598152
|q paperback
|
| 024 |
8 |
|
|a 40029335158
|
| 035 |
|
|
|a (NhCcYBP)ybp16175778
|
| 035 |
|
|
|a 5912490
|
| 040 |
|
|
|a NhCcYBP
|c NhCcYBP
|d UtOrBLW
|
| 050 |
|
4 |
|a LC5803.C65
|b E57 2020
|
| 082 |
0 |
4 |
|a 371.35/8
|2 23
|
| 245 |
0 |
0 |
|a Enriching collaboration and communication in online learning communities /
|c Carolyn N. Stevenson and Joanna C. Bauer, Editors.
|
| 264 |
|
1 |
|a Hershey, PA :
|b Information Science Reference,
|c [2020]
|
| 300 |
|
|
|a 1 online resource.
|
| 336 |
|
|
|a text
|b txt
|2 rdacontent
|
| 337 |
|
|
|a computer
|b c
|2 rdamedia
|
| 338 |
|
|
|a online resource
|b cr
|2 rdacarrier
|
| 500 |
|
|
|a Electronic resource.
|
| 588 |
|
|
|a Description based on online resource; title from digital title page (viewed on August 12, 2019).
|
| 650 |
|
0 |
|a Communication in education.
|0 http://id.loc.gov/authorities/subjects/sh85029062
|
| 650 |
|
0 |
|a Distance education
|x Computer-assisted instruction.
|0 http://id.loc.gov/authorities/subjects/sh2009123556
|
| 650 |
|
0 |
|a Online social networks.
|0 http://id.loc.gov/authorities/subjects/sh2006006990
|
| 650 |
|
0 |
|a Professional learning communities.
|0 http://id.loc.gov/authorities/subjects/sh2009000246
|
| 655 |
|
7 |
|a Electronic books.
|2 local
|
| 700 |
1 |
|
|a Bauer, Joanna C.,
|d 1968-
|e editor.
|0 http://id.loc.gov/authorities/names/n2013073757
|
| 700 |
1 |
|
|a Stevenson, Carolyn N.,
|d 1968-
|e editor.
|0 http://id.loc.gov/authorities/names/n2013073748
|
| 710 |
2 |
|
|a IGI Global Online.
|
| 776 |
1 |
8 |
|i Print version:
|t Enriching collaboration and communication in online learning communities
|z 9781522598145
|w (DLC) 2019010593
|
| 856 |
4 |
0 |
|u http://proxy.library.tamu.edu/login?url=https://dx.doi.org/10.4018/978-1-5225-9814-5
|z Connect to the full text of this electronic book
|t 0
|
| 955 |
|
|
|a YBP purchased approval e-records
|
| 980 |
|
|
|b 195.00
|g 1
|
| 999 |
f |
f |
|s 68e96928-be4e-363b-a2b7-8d66508f6246
|i 10fa0069-7609-3f8c-b6ec-b7d4fcecd752
|t 0
|
| 952 |
f |
f |
|a Texas A&M University
|b College Station
|c Electronic Resources
|d Available Online
|t 0
|e LC5803.C65 E57 2020
|h Library of Congress classification
|
| 998 |
f |
f |
|a LC5803.C65 E57 2020
|t 0
|l Available Online
|